Central Library OPAC University of Rajshahi

Rogers' Industrial chemistry : (Record no. 29022)

MARC details
000 -LEADER
fixed length control field 00985nam a22002771 4500
001 - CONTROL NUMBER
control field 29022
003 - CONTROL NUMBER IDENTIFIER
rucl marc code BD-RjUL
005 - DATE AND TIME OF LATEST TRANSACTION
control field 20211209051348.0
008 - FIXED-LENGTH DATA ELEMENTS--GENERAL INFORMATION
fixed length control field 140402s1942 nyuaf b 001 0 eng
035 ## - SYSTEM CONTROL NUMBER
System control number (BD-RjUL)29107
040 ## - CATALOGING SOURCE
Original cataloging agency DLC/ICU
Transcribing agency ICU
Modifying agency DLC
Language of cataloging eng
041 ## - LANGUAGE CODE
Language code of text/sound track or separate title eng
082 00 - DEWEY DECIMAL CLASSIFICATION NUMBER
Classification number 660
Author mark and year ROR V-2 1942
100 1# - MAIN ENTRY--PERSONAL NAME
Personal name Rogers, Allen,
Dates associated with a name 1876-1938,
9 (RLIN) 88652
245 10 - TITLE STATEMENT
Title Rogers' Industrial chemistry :
Remainder of title a manual for the student and manufacturer /
Statement of responsibility, etc. Clifford Cook Furnas; Allen Rogers
Number of part/section of a work Vol. 2
250 ## - EDITION STATEMENT
Edition statement 6th ed.
260 ## - PUBLICATION, DISTRIBUTION, ETC. (IMPRINT)
Place of publication, distribution, etc. New York :
Name of publisher, distributor, etc. D. Van Nostrand company, inc.,
Date of publication, distribution, etc. 1942.
300 ## - PHYSICAL DESCRIPTION
Pagination viii, 881-1721 p. :
Illustrations ill. ;
Size 24 cm.
500 ## - GENERAL NOTE
General note On spine: Rogers Manual of industrial chemistry.
General note Paged continuously.
504 ## - BIBLIOGRAPHY, ETC. NOTE
Bibliography, etc "Reading list" at end of most of the chapters. Bibliographical footnotes.
650 #0 - SUBJECT ADDED ENTRY--TOPICAL TERM
Topical term or geographic name as entry element Chemistry, Technical.
9 (RLIN) 88653
700 1# - ADDED ENTRY--PERSONAL NAME
Personal name Furnas, C. C.
Fuller form of name (Clifford Cook),
Dates associated with a name 1900-1969,
942 ## - ADDED ENTRY ELEMENTS (KOHA)
Source of classification or shelving scheme Dewey Decimal Classification
Koha item type Books
Holdings
Lost status Source of classification or shelving scheme Damaged status Not for loan Collection code Permanent Location Current Location Shelving location Date acquired Source of acquisition Total Checkouts Full call number Date last seen Copy number Koha item type Cost, normal purchase price Date checked out
  Dewey Decimal Classification     Non-fiction Central Library, University of Rajshahi Central Library, University of Rajshahi   02/04/2014 Unknown   660 ROR V-2 1942 02/04/2014 C-3 Books    
  Dewey Decimal Classification     Non-fiction Central Library, University of Rajshahi Central Library, University of Rajshahi   16/06/1960 Mirza book agency 1 660 ROR V-2 1942 19/11/2017 C-4 Books 137.00 07/11/2017
  Dewey Decimal Classification   Not For Loan Non-fiction Central Library, University of Rajshahi Central Library, University of Rajshahi Reading Room 26/12/2019     660 ROR V-1 1956 26/12/2019 C-1 Books    
  Dewey Decimal Classification     Non-fiction Central Library, University of Rajshahi Central Library, University of Rajshahi   29/12/2019     660 ROR V-2 1942 29/12/2019 C-2 Books